000 01095nam0a2200325 4500
001 RU\NLR\bibl\35663
005 20250615024106.0
010 _a5-7024-0639-7
_976000
021 _aRU
_b97-48869
_92091
035 _a(NLR Aleph) 000034761
090 _a177265
_c177265
100 _a19990628d1997 |||y0rusy50 ca
101 1 _arus
_ceng
102 _aRU
105 _ay |||||||||
200 1 _aВручаю тебе сердце
_eРоман
_fМэрил Хенкс
_g[Пер. с англ. Е.В. Рубиной]
210 _aМ.
_cМеждунар. журн. "Панорама"
_d1997
215 _a189,[1] с.
_d16
225 1 _aПанорама романов о любви
311 _aЛит.-худож. прил. к междунар. журн. "Панорама"
422 0 _12001#$aПанорама
_tПанорама
686 _aШ6(4Вл)67-440.4
700 1 _aХенкс
_bМ.
_gМэрил
_4070
801 0 _aRU
_bNLR
_c19990628
_gPSBO
801 1 _aRU
_bNLR
_c19990628
852 _aNLR
_j98-2/2158
942 _cBOOK
980 _aNB